[Event "ODJM A 2019"]
[Site "Willingen GER"]
[Date "2019.06.12"]
[Round "6"]
[White "Stelmaszyk, Nico"]
[Black "Holtel, Jasper"]
[Result "1/2-1/2"]
[Termination "normal"]
[Board "1"]
[BlackTitle "FM"]
[WhiteElo "2174"]
[BlackElo "2272"]
[WhiteClock "00:08:05"]
[BlackClock "00:08:21"]
[PlyCount "54"]
[WhiteFideId "16200462"]
[BlackFideId "12956376"]
[EventCountry "GER"]
[EventRounds "9"]
[EventType "swiss"]
[EventDate "2019.06.08"]

1. e4 {[%clk 1:30:57]} 1... c5 {[%clk 1:30:55]} 2. Nf3 {[%clk 1:31:23]} 2... d6
{[%clk 1:31:18]} 3. d4 {[%clk 1:31:48]} 3... cxd4 {[%clk 1:31:41]} 4. Nxd4 {
[%clk 1:32:15]} 4... Nf6 {[%clk 1:32:01]} 5. Nc3 {[%clk 1:32:40]} 5... a6 {
[%clk 1:32:24]} 6. Bg5 {[%clk 1:33:03]} 6... e6 {[%clk 1:32:44]} 7. f4 { [%clk
1:33:23]} 7... h6 {[%clk 1:33:04]} 8. Bh4 {[%clk 1:33:47]} 8... Qb6 { [%clk
1:33:28]} 9. a3 {[%clk 1:32:46]} 9... Be7 {[%clk 1:32:45]} 10. Bf2 { [%clk
1:33:01]} 10... Qc7 {[%clk 1:33:07]} 11. Qf3 {[%clk 1:31:58]} 11... Nbd7 {[%clk
1:30:41]} 12. O-O-O {[%clk 1:31:58]} 12... b5 {[%clk 1:30:49]} 13. g4 { [%clk
1:32:03]} 13... Bb7 {[%clk 1:31:11]} 14. Bd3 {[%clk 1:14:08]} 14... Nc5 { [%clk
1:28:16]} 15. Rhe1 {[%clk 1:10:44]} 15... Nxd3+ {[%clk 1:19:03]} 16. Rxd3
{[%clk 1:08:13]} 16... d5 {[%clk 1:14:40]} 17. exd5 {[%clk 0:47:54]} 17... Nxd5
{[%clk 1:10:12]} 18. Nxd5 {[%clk 0:42:54]} 18... Bxd5 {[%clk 1:09:20]} 19. Qe3
{[%clk 0:42:20]} 19... Rc8 {[%clk 0:47:53]} 20. Qd2 {[%clk 0:30:49]} 20... O-O
{[%clk 0:29:11]} 21. h4 {[%clk 0:24:11]} 21... Qc4 {[%clk 0:24:09]} 22. Nb3 {
[%clk 0:20:28]} 22... Rfd8 {[%clk 0:20:37]} 23. Rc3 {[%clk 0:12:19]} 23... Qxc3
{[%clk 0:13:17]} 24. bxc3 {[%clk 0:11:35]} 24... Bxb3 {[%clk 0:13:35]} 25. Bd4
{[%clk 0:10:27]} 25... Bxa3+ {[%clk 0:12:33]} 26. Kb1 {[%clk 0:10:48]} 26...
Bc4 {[%clk 0:12:03]} 27. Qe3 {[%clk 0:08:05]} 27... b4 {[%clk 0:08:21]} 1/2-1/2

[Event "ODJM A 2019"]
[Site "Willingen GER"]
[Date "2019.06.12"]
[Round "6"]
[White "Terhuven, Patrick"]
[Black "Ortmeier, Leonhard"]
[Result "1/2-1/2"]
[Termination "normal"]
[Board "2"]
[WhiteElo "2192"]
[BlackElo "2140"]
[WhiteClock "00:32:15"]
[BlackClock "00:30:48"]
[PlyCount "48"]
[WhiteFideId "12919098"]
[BlackFideId "12993662"]
[EventCountry "GER"]
[EventRounds "9"]
[EventType "swiss"]
[EventDate "2019.06.08"]

1. d4 {[%clk 1:30:58]} 1... Nf6 {[%clk 1:30:30]} 2. Nf3 {[%clk 1:31:18]} 2...
e6 {[%clk 1:29:03]} 3. c4 {[%clk 1:31:30]} 3... d5 {[%clk 1:28:26]} 4. g3 {
[%clk 1:31:53]} 4... Be7 {[%clk 1:27:18]} 5. Bg2 {[%clk 1:32:15]} 5... O-O {
[%clk 1:26:45]} 6. O-O {[%clk 1:32:38]} 6... dxc4 {[%clk 1:27:00]} 7. Qa4 {
[%clk 1:32:02]} 7... a6 {[%clk 1:22:54]} 8. Qxc4 {[%clk 1:32:09]} 8... b5 {
[%clk 1:20:53]} 9. Qc2 {[%clk 1:32:29]} 9... Bb7 {[%clk 1:21:11]} 10. Bg5 {
[%clk 1:32:27]} 10... Nbd7 {[%clk 1:18:55]} 11. Bxf6 {[%clk 1:29:45]} 11...
Nxf6 {[%clk 1:14:40]} 12. Nbd2 {[%clk 1:29:41]} 12... Rc8 {[%clk 1:11:12]} 13.
Nb3 {[%clk 1:27:24]} 13... Be4 {[%clk 1:07:39]} 14. Qc3 {[%clk 1:18:48]} 14...
Qd5 {[%clk 1:02:28]} 15. Rfd1 {[%clk 1:03:19]} 15... b4 {[%clk 0:56:00]} 16.
Qe3 {[%clk 0:54:48]} 16... c5 {[%clk 0:46:32]} 17. dxc5 {[%clk 0:45:38]} 17...
Bxc5 {[%clk 0:46:47]} 18. Nxc5 {[%clk 0:39:30]} 18... Qxc5 {[%clk 0:46:35]} 19.
Qxc5 {[%clk 0:39:29]} 19... Rxc5 {[%clk 0:46:54]} 20. Rac1 {[%clk 0:39:28]}
20... Ra5 {[%clk 0:42:34]} 21. Ra1 {[%clk 0:36:20]} 21... Bd5 {[%clk 0:35:36]}
22. a3 {[%clk 0:33:10]} 22... bxa3 {[%clk 0:35:21]} 23. Rxa3 {[%clk 0:31:46]}
23... Rxa3 {[%clk 0:35:41]} 24. bxa3 {[%clk 0:32:15]} 24... Rb8 {[%clk 0:30:48]
} 1/2-1/2

[Event "ODJM A 2019"]
[Site "Willingen GER"]
[Date "2019.06.12"]
[Round "6"]
[White "Garbuz, Vitaly"]
[Black "Oberhofer, Cedric"]
[Result "1/2-1/2"]
[Termination "normal"]
[Board "3"]
[WhiteElo "2051"]
[BlackElo "2243"]
[WhiteClock "01:02:55"]
[BlackClock "00:32:01"]
[PlyCount "48"]
[WhiteFideId "12990710"]
[BlackFideId "12941220"]
[EventCountry "GER"]
[EventRounds "9"]
[EventType "swiss"]
[EventDate "2019.06.08"]

1. e4 {[%clk 1:30:58]} 1... c5 {[%clk 1:30:52]} 2. Nf3 {[%clk 1:31:21]} 2... d6
{[%clk 1:31:16]} 3. d4 {[%clk 1:31:47]} 3... cxd4 {[%clk 1:31:42]} 4. Nxd4 {
[%clk 1:32:12]} 4... Nf6 {[%clk 1:32:07]} 5. f3 {[%clk 1:32:36]} 5... e5 {
[%clk 1:32:21]} 6. Nb3 {[%clk 1:33:00]} 6... Be6 {[%clk 1:32:07]} 7. c4 { [%clk
1:33:24]} 7... Nbd7 {[%clk 1:28:55]} 8. Be3 {[%clk 1:33:48]} 8... Be7 { [%clk
1:27:29]} 9. Nc3 {[%clk 1:34:06]} 9... a5 {[%clk 1:24:56]} 10. a4 { [%clk
1:32:56]} 10... O-O {[%clk 1:19:57]} 11. Be2 {[%clk 1:29:43]} 11... Nc5 { [%clk
1:12:23]} 12. Nxc5 {[%clk 1:28:02]} 12... dxc5 {[%clk 1:12:48]} 13. Qxd8 {[%clk
1:23:51]} 13... Rfxd8 {[%clk 1:11:39]} 14. Bg5 {[%clk 1:18:09]} 14... Rd4
{[%clk 1:00:41]} 15. Nb5 {[%clk 1:13:22]} 15... Rd7 {[%clk 1:00:23]} 16. Rd1
{[%clk 1:04:19]} 16... Rad8 {[%clk 0:53:32]} 17. Rxd7 {[%clk 1:03:55]} 17...
Rxd7 {[%clk 0:53:56]} 18. Bxf6 {[%clk 1:03:56]} 18... Bxf6 { [%clk 0:54:17]}
19. Nc3 {[%clk 1:03:57]} 19... Rd4 {[%clk 0:51:07]} 20. Nb5 { [%clk 1:03:46]}
20... Rd7 {[%clk 0:51:08]} 21. Nc3 {[%clk 1:04:01]} 21... Bg5 { [%clk 0:34:47]}
22. Nd5 {[%clk 1:04:26]} 22... f5 {[%clk 0:34:59]} 23. Bd3 { [%clk 1:03:24]}
23... f4 {[%clk 0:35:06]} 24. g4 {[%clk 1:02:55]} 24... Bh4+ { [%clk 0:32:01]}
1/2-1/2

[Event "ODJM A 2019"]
[Site "Willingen GER"]
[Date "2019.06.12"]
[Round "6"]
[White "Hesse, Henrik"]
[Black "Kotyk, Michael"]
[Result "1-0"]
[Termination "normal"]
[Board "4"]
[WhiteElo "2166"]
[BlackElo "1966"]
[WhiteClock "00:09:58"]
[BlackClock "00:08:00"]
[PlyCount "69"]
[WhiteFideId "12952060"]
[BlackFideId "16214501"]
[EventCountry "GER"]
[EventRounds "9"]
[EventType "swiss"]
[EventDate "2019.06.08"]

1. c4 {[%clk 1:30:53]} 1... f5 {[%clk 1:30:55]} 2. g3 {[%clk 1:29:47]} 2... Nf6
{[%clk 1:31:18]} 3. Bg2 {[%clk 1:30:04]} 3... g6 {[%clk 1:31:27]} 4. Nc3 {
[%clk 1:30:15]} 4... Bg7 {[%clk 1:31:49]} 5. e3 {[%clk 1:29:20]} 5... d6 {
[%clk 1:31:23]} 6. Nge2 {[%clk 1:29:31]} 6... O-O {[%clk 1:31:43]} 7. d3 {
[%clk 1:29:06]} 7... e5 {[%clk 1:31:46]} 8. O-O {[%clk 1:29:14]} 8... a5 {
[%clk 1:32:00]} 9. a3 {[%clk 1:28:09]} 9... c6 {[%clk 1:31:56]} 10. Rb1 { [%clk
1:27:08]} 10... Na6 {[%clk 1:27:57]} 11. b4 {[%clk 1:24:34]} 11... axb4 { [%clk
1:28:22]} 12. axb4 {[%clk 1:24:56]} 12... Bd7 {[%clk 1:28:01]} 13. b5 { [%clk
1:19:40]} 13... Nc7 {[%clk 1:26:31]} 14. Na4 {[%clk 1:08:33]} 14... Ne6 { [%clk
1:23:46]} 15. bxc6 {[%clk 1:03:25]} 15... Bxc6 {[%clk 1:20:27]} 16. Nb6 { [%clk
0:56:11]} 16... Rb8 {[%clk 1:20:45]} 17. Nd5 {[%clk 0:54:46]} 17... e4 { [%clk
1:16:15]} 18. Ba3 {[%clk 0:37:19]} 18... Bxd5 {[%clk 1:04:40]} 19. cxd5 { [%clk
0:36:21]} 19... Nc5 {[%clk 0:51:16]} 20. Nd4 {[%clk 0:24:18]} 20... Qd7 { [%clk
0:43:01]} 21. Bxc5 {[%clk 0:23:43]} 21... dxc5 {[%clk 0:41:04]} 22. Ne6 { [%clk
0:24:03]} 22... Rfc8 {[%clk 0:41:28]} 23. dxe4 {[%clk 0:23:15]} 23... Nxe4
{[%clk 0:28:57]} 24. Bxe4 {[%clk 0:20:30]} 24... fxe4 {[%clk 0:29:26]} 25. Rb6
{[%clk 0:18:08]} 25... Ra8 {[%clk 0:11:07]} 26. Qc2 {[%clk 0:11:38]} 26... Qxd5
{[%clk 0:10:24]} 27. Rd1 {[%clk 0:12:01]} 27... Ra1 {[%clk 0:10:45]} 28. Rxa1
{[%clk 0:10:55]} 28... Bxa1 {[%clk 0:11:14]} 29. Nf4 {[%clk 0:10:44]} 29... Qf5
{[%clk 0:07:18]} 30. Qa2+ {[%clk 0:09:21]} 30... c4 {[%clk 0:07:08]} 31. Qxa1
{[%clk 0:09:39]} 31... Qc5 {[%clk 0:06:37]} 32. Rxb7 {[%clk 0:08:59]} 32... c3
{[%clk 0:07:02]} 33. Qa2+ {[%clk 0:09:24]} 33... Qc4 {[%clk 0:07:31]} 34. Qxc4+
{[%clk 0:09:37]} 34... Rxc4 {[%clk 0:08:00]} 35. Rb1 {[%clk 0:09:58]} 1-0

[Event "ODJM A 2019"]
[Site "Willingen GER"]
[Date "2019.06.12"]
[Round "6"]
[White "Beesk, Kevin"]
[Black "Wanner, Lukas"]
[Result "0-1"]
[Termination "normal"]
[Board "6"]
[WhiteElo "1935"]
[BlackElo "2099"]
[WhiteClock "00:24:48"]
[BlackClock "00:22:34"]
[PlyCount "120"]
[WhiteFideId "1271882"]
[BlackFideId "12918148"]
[EventCountry "GER"]
[EventRounds "9"]
[EventType "swiss"]
[EventDate "2019.06.08"]

1. e4 {[%clk 1:30:39]} 1... c5 {[%clk 1:30:55]} 2. Nf3 {[%clk 1:31:05]} 2... g6
{[%clk 1:31:15]} 3. d4 {[%clk 1:31:30]} 3... cxd4 {[%clk 1:31:39]} 4. Nxd4 {
[%clk 1:31:57]} 4... Nc6 {[%clk 1:31:53]} 5. Nc3 {[%clk 1:32:18]} 5... Bg7 {
[%clk 1:32:02]} 6. Be3 {[%clk 1:32:41]} 6... Nf6 {[%clk 1:31:57]} 7. Bc4 {
[%clk 1:32:55]} 7... Qa5 {[%clk 1:31:58]} 8. O-O {[%clk 1:28:11]} 8... O-O {
[%clk 1:31:40]} 9. h3 {[%clk 1:26:26]} 9... d6 {[%clk 1:31:19]} 10. Bb3 { [%clk
1:23:34]} 10... Bd7 {[%clk 1:30:32]} 11. Kh1 {[%clk 1:23:03]} 11... Rac8 {[%clk
1:27:56]} 12. Nde2 {[%clk 1:02:23]} 12... Ne5 {[%clk 1:23:32]} 13. Qe1 { [%clk
0:58:50]} 13... Rfe8 {[%clk 1:16:41]} 14. Rd1 {[%clk 0:57:38]} 14... Nc4 {[%clk
1:08:53]} 15. Bc1 {[%clk 0:57:45]} 15... b5 {[%clk 1:05:22]} 16. Ng3 { [%clk
0:49:08]} 16... Qc7 {[%clk 0:57:56]} 17. f4 {[%clk 0:43:57]} 17... b4 { [%clk
0:53:40]} 18. Nce2 {[%clk 0:42:51]} 18... a5 {[%clk 0:45:25]} 19. Nd4 { [%clk
0:33:00]} 19... e6 {[%clk 0:37:04]} 20. Qf2 {[%clk 0:30:55]} 20... Rf8 { [%clk
0:29:00]} 21. Rde1 {[%clk 0:23:58]} 21... a4 {[%clk 0:23:37]} 22. Bxc4 { [%clk
0:24:19]} 22... Qxc4 {[%clk 0:24:02]} 23. b3 {[%clk 0:22:07]} 23... Ng4 { [%clk
0:21:47]} 24. hxg4 {[%clk 0:21:31]} 24... Qxd4 {[%clk 0:22:10]} 25. Be3 { [%clk
0:20:36]} 25... Qb2 {[%clk 0:21:44]} 26. Re2 {[%clk 0:19:15]} 26... Qc3 { [%clk
0:17:39]} 27. Bd2 {[%clk 0:18:26]} 27... Qc5 {[%clk 0:17:37]} 28. Be3 { [%clk
0:17:26]} 28... Qa5 {[%clk 0:16:52]} 29. Rd2 {[%clk 0:15:36]} 29... Rc6 { [%clk
0:15:08]} 30. e5 {[%clk 0:11:18]} 30... d5 {[%clk 0:13:01]} 31. Ne2 { [%clk
0:10:02]} 31... Qc7 {[%clk 0:09:31]} 32. Nd4 {[%clk 0:10:08]} 32... Rc3 { [%clk
0:08:16]} 33. Re2 {[%clk 0:09:17]} 33... f6 {[%clk 0:07:30]} 34. Bd2 { [%clk
0:07:19]} 34... fxe5 {[%clk 0:07:34]} 35. Bxc3 {[%clk 0:07:29]} 35... Qxc3
{[%clk 0:07:12]} 36. Nf3 {[%clk 0:07:01]} 36... Rxf4 {[%clk 0:05:50]} 37. g3
{[%clk 0:04:55]} 37... Rf8 {[%clk 0:04:51]} 38. Qg2 {[%clk 0:03:08]} 38... Bb5
{[%clk 0:04:40]} 39. Ng5 {[%clk 0:02:50]} 39... Bxe2 {[%clk 0:04:36]} 40. Qxe2
{[%clk 0:00:38]} 40... Qxg3 {[%clk 0:03:08]} 41. Rxf8+ {[%clk 0:28:42]} 41...
Bxf8 {[%clk 0:31:14]} 42. Nxe6 {[%clk 0:28:12]} 42... axb3 { [%clk 0:30:38]}
43. axb3 {[%clk 0:28:04]} 43... Bh6 {[%clk 0:28:08]} 44. g5 { [%clk 0:27:05]}
44... Bxg5 {[%clk 0:28:13]} 45. Nxg5 {[%clk 0:27:26]} 45... Qh4+ {[%clk
0:28:16]} 46. Nh3 {[%clk 0:27:02]} 46... Qxh3+ {[%clk 0:28:40]} 47. Kg1 {[%clk
0:27:28]} 47... Qg3+ {[%clk 0:28:30]} 48. Kh1 {[%clk 0:27:27]} 48... Qh4+
{[%clk 0:28:44]} 49. Kg1 {[%clk 0:27:35]} 49... Qd4+ {[%clk 0:28:20]} 50. Kf1
{[%clk 0:26:52]} 50... Qf4+ {[%clk 0:28:02]} 51. Kg1 {[%clk 0:27:06]} 51... e4
{[%clk 0:28:16]} 52. Qb5 {[%clk 0:26:59]} 52... Qc1+ {[%clk 0:28:27]} 53. Kf2
{[%clk 0:26:30]} 53... Qxc2+ {[%clk 0:28:50]} 54. Kg1 {[%clk 0:25:20]} 54...
Qd1+ {[%clk 0:27:17]} 55. Kh2 {[%clk 0:25:16]} 55... Qh5+ {[%clk 0:26:57] } 56.
Kg1 {[%clk 0:25:30]} 56... Qg5+ {[%clk 0:23:07]} 57. Kh2 {[%clk 0:24:53]} 57...
Qe5+ {[%clk 0:23:29]} 58. Kg2 {[%clk 0:24:35]} 58... e3 {[%clk 0:22:03]} 59.
Qxb4 {[%clk 0:24:33]} 59... Qe4+ {[%clk 0:22:07]} 60. Qxe4 {[%clk 0:24:48]}
60... dxe4 {[%clk 0:22:34]} 0-1

[Event "ODJM A 2019"]
[Site "Willingen GER"]
[Date "2019.06.12"]
[Round "6"]
[White "Hofmann, Lorenz"]
[Black "Savchenko, Daniel"]
[Result "0-1"]
[Termination "normal"]
[Board "7"]
[WhiteElo "2002"]
[BlackElo "2119"]
[WhiteClock "00:57:44"]
[BlackClock "01:26:20"]
[PlyCount "40"]
[WhiteFideId "12995509"]
[BlackFideId "12919195"]
[EventCountry "GER"]
[EventRounds "9"]
[EventType "swiss"]
[EventDate "2019.06.08"]

1. e4 {[%clk 1:30:57]} 1... c5 {[%clk 1:30:51]} 2. Nf3 {[%clk 1:31:22]} 2... e6
{[%clk 1:31:09]} 3. d4 {[%clk 1:31:48]} 3... cxd4 {[%clk 1:31:33]} 4. Nxd4 {
[%clk 1:32:14]} 4... a6 {[%clk 1:31:47]} 5. Nc3 {[%clk 1:31:14]} 5... Qc7 {
[%clk 1:32:09]} 6. Bd3 {[%clk 1:29:48]} 6... Nc6 {[%clk 1:32:18]} 7. Nb3 {
[%clk 1:28:59]} 7... Nf6 {[%clk 1:32:27]} 8. O-O {[%clk 1:28:23]} 8... Be7 {
[%clk 1:31:59]} 9. Be2 {[%clk 1:18:35]} 9... b5 {[%clk 1:29:39]} 10. a3 { [%clk
1:14:52]} 10... b4 {[%clk 1:28:41]} 11. axb4 {[%clk 1:14:39]} 11... Bxb4 {[%clk
1:29:03]} 12. f3 {[%clk 1:12:53]} 12... O-O {[%clk 1:28:53]} 13. Bd2 { [%clk
1:03:56]} 13... Bb7 {[%clk 1:26:18]} 14. Na2 {[%clk 1:01:50]} 14... Bd6 { [%clk
1:26:22]} 15. f4 {[%clk 0:58:34]} 15... Nxe4 {[%clk 1:26:21]} 16. Bd3 { [%clk
0:58:09]} 16... Qb6+ {[%clk 1:25:32]} 17. Kh1 {[%clk 0:57:45]} 17... Nf2+
{[%clk 1:25:53]} 18. Rxf2 {[%clk 0:58:06]} 18... Qxf2 {[%clk 1:26:15]} 19. Qg4
{[%clk 0:57:54]} 19... f5 {[%clk 1:26:19]} 20. Qh5 {[%clk 0:57:44]} 20... Nd4 {
[%clk 1:26:20]} 0-1

[Event "ODJM A 2019"]
[Site "Willingen GER"]
[Date "2019.06.12"]
[Round "6"]
[White "Knudsen, Simon"]
[Black "Gorainow, Nikita"]
[Result "1-0"]
[Termination "normal"]
[Board "10"]
[WhiteElo "2166"]
[BlackElo "1923"]
[WhiteClock "01:22:54"]
[BlackClock "00:11:04"]
[PlyCount "59"]
[WhiteFideId "12985546"]
[BlackFideId "12970093"]
[EventCountry "GER"]
[EventRounds "9"]
[EventType "swiss"]
[EventDate "2019.06.08"]

1. e4 {[%clk 1:30:58]} 1... c5 {[%clk 1:30:54]} 2. Nf3 {[%clk 1:31:23]} 2...
Nc6 {[%clk 1:30:26]} 3. Bb5 {[%clk 1:31:46]} 3... g6 {[%clk 1:30:53]} 4. Bxc6 {
[%clk 1:32:10]} 4... bxc6 {[%clk 1:31:20]} 5. O-O {[%clk 1:32:32]} 5... Bg7 {
[%clk 1:31:47]} 6. Re1 {[%clk 1:32:57]} 6... Nh6 {[%clk 1:32:13]} 7. c3 { [%clk
1:33:21]} 7... O-O {[%clk 1:32:23]} 8. h3 {[%clk 1:33:47]} 8... f5 { [%clk
1:32:43]} 9. e5 {[%clk 1:34:11]} 9... Nf7 {[%clk 1:32:50]} 10. d3 { [%clk
1:34:32]} 10... Ba6 {[%clk 1:33:13]} 11. Na3 {[%clk 1:33:08]} 11... d6 { [%clk
1:03:07]} 12. Bf4 {[%clk 1:33:29]} 12... g5 {[%clk 0:52:25]} 13. Bxg5 { [%clk
1:31:08]} 13... Nxe5 {[%clk 0:52:33]} 14. Nxe5 {[%clk 1:26:53]} 14... Bxe5
{[%clk 0:51:45]} 15. Qa4 {[%clk 1:26:56]} 15... Bxd3 {[%clk 0:42:38]} 16. Rad1
{[%clk 1:27:02]} 16... Be4 {[%clk 0:27:50]} 17. f3 {[%clk 1:27:25]} 17... Bg3
{[%clk 0:27:20]} 18. fxe4 {[%clk 1:27:38]} 18... Bxe1 {[%clk 0:27:43]} 19. Rxe1
{[%clk 1:27:58]} 19... Qd7 {[%clk 0:25:01]} 20. e5 {[%clk 1:25:59]} 20... d5
{[%clk 0:20:25]} 21. Qh4 {[%clk 1:26:01]} 21... Qe6 {[%clk 0:14:16]} 22. Bxe7
{[%clk 1:26:16]} 22... Rf7 {[%clk 0:14:41]} 23. Bf6 {[%clk 1:26:19]} 23... Kf8
{[%clk 0:14:58]} 24. Nc2 {[%clk 1:24:49]} 24... Rb8 {[%clk 0:14:56]} 25. b4
{[%clk 1:24:56]} 25... d4 {[%clk 0:14:10]} 26. bxc5 {[%clk 1:24:33]} 26... dxc3
{[%clk 0:13:19]} 27. Nd4 {[%clk 1:24:55]} 27... Qd5 {[%clk 0:11:42]} 28. e6 {
[%clk 1:25:14]} 28... Rfb7 {[%clk 0:10:39]} 29. Qh6+ {[%clk 1:22:38]} 29... Ke8
{[%clk 0:11:04]} 30. Qh5+ {[%clk 1:22:54]} 1-0

[Event "ODJM A 2019"]
[Site "Willingen GER"]
[Date "2019.06.12"]
[Round "6"]
[White "Leser, Katrin"]
[Black "Dietz, Florian"]
[Result "1-0"]
[Termination "normal"]
[Board "12"]
[WhiteElo "2036"]
[BlackElo "2139"]
[WhiteClock "00:00:45"]
[BlackClock "00:05:08"]
[PlyCount "81"]
[WhiteFideId "12997692"]
[BlackFideId "12939897"]
[EventCountry "GER"]
[EventRounds "9"]
[EventType "swiss"]
[EventDate "2019.06.08"]

1. e4 {[%clk 1:30:57]} 1... c5 {[%clk 1:30:50]} 2. Nf3 {[%clk 1:31:18]} 2... e6
{[%clk 1:31:09]} 3. d4 {[%clk 1:31:40]} 3... cxd4 {[%clk 1:31:31]} 4. Nxd4 {
[%clk 1:32:05]} 4... Nc6 {[%clk 1:31:56]} 5. Nc3 {[%clk 1:30:39]} 5... Qc7 {
[%clk 1:32:07]} 6. Be3 {[%clk 1:30:20]} 6... a6 {[%clk 1:32:00]} 7. Qd2 { [%clk
1:29:41]} 7... Nf6 {[%clk 1:31:03]} 8. f3 {[%clk 1:28:37]} 8... Be7 { [%clk
1:30:58]} 9. O-O-O {[%clk 1:28:21]} 9... b5 {[%clk 1:31:14]} 10. g4 { [%clk
1:27:16]} 10... Nxd4 {[%clk 1:31:21]} 11. Bxd4 {[%clk 1:24:15]} 11... Bb7
{[%clk 1:31:27]} 12. Ne2 {[%clk 1:15:00]} 12... Rc8 {[%clk 1:25:52]} 13. Kb1 {
[%clk 1:13:40]} 13... O-O {[%clk 1:22:34]} 14. h4 {[%clk 0:55:10]} 14... e5 {
[%clk 1:14:04]} 15. Be3 {[%clk 0:48:34]} 15... d5 {[%clk 1:12:33]} 16. g5 {
[%clk 0:45:16]} 16... d4 {[%clk 1:10:58]} 17. Bxd4 {[%clk 0:40:56]} 17... Nxe4
{[%clk 1:09:01]} 18. Qd3 {[%clk 0:41:09]} 18... Nf2 {[%clk 0:52:20]} 19. Bxf2 {
[%clk 0:38:39]} 19... Rcd8 {[%clk 0:35:54]} 20. Nd4 {[%clk 0:36:58]} 20... exd4
{[%clk 0:36:16]} 21. Qf5 {[%clk 0:35:12]} 21... g6 {[%clk 0:34:02]} 22. Qg4 {
[%clk 0:34:50]} 22... Qc6 {[%clk 0:31:26]} 23. Be2 {[%clk 0:30:27]} 23... Bc8 {
[%clk 0:28:16]} 24. Qf4 {[%clk 0:22:44]} 24... Bf5 {[%clk 0:27:55]} 25. Bd3 {
[%clk 0:22:42]} 25... Bd6 {[%clk 0:28:00]} 26. Qxd4 {[%clk 0:17:16]} 26... Qxf3
{[%clk 0:27:56]} 27. Qf6 {[%clk 0:10:06]} 27... Be7 {[%clk 0:22:35]} 28. Qxe7 {
[%clk 0:09:28]} 28... Qxf2 {[%clk 0:15:56]} 29. Rdf1 {[%clk 0:06:15]} 29... Qg2
{[%clk 0:11:05]} 30. Bxf5 {[%clk 0:05:35]} 30... gxf5 {[%clk 0:11:29]} 31. h5 {
[%clk 0:04:30]} 31... Rd2 {[%clk 0:10:36]} 32. g6 {[%clk 0:04:24]} 32... Rxc2 {
[%clk 0:04:42]} 33. gxf7+ {[%clk 0:03:34]} 33... Rxf7 {[%clk 0:04:55]} 34. Qe8+
{[%clk 0:03:46]} 34... Kg7 {[%clk 0:05:14]} 35. h6+ {[%clk 0:01:49]} 35... Kf6
{[%clk 0:05:36]} 36. Qh8+ {[%clk 0:02:07]} 36... Ke7 {[%clk 0:05:52]} 37. Qe5+
{[%clk 0:02:13]} 37... Kd7 {[%clk 0:05:21]} 38. Rd1+ {[%clk 0:02:06]} 38... Rd2
{[%clk 0:05:38]} 39. Rhe1 {[%clk 0:00:50]} 39... Rf8 {[%clk 0:04:48]} 40. Qe7+
{[%clk 0:00:51]} 40... Kc6 {[%clk 0:05:08]} 41. Re6+ {[%clk 0:00:45]} 1-0